ბათუმის შოთა რუსთაველის სახელმწიფო უნივერსიტეტის ბიბლიოთეკა

Python Machine Learning : (ბიბ.ჩანაწერი № 54310)

000 -LEADER
fixed length control field 00967nam a2200265Ia 4500
001 - CONTROL NUMBER
control field 21366
003 - CONTROL NUMBER IDENTIFIER
control field GE_BSU
005 - DATE AND TIME OF LATEST TRANSACTION
control field 20221122164108.0
008 - FIXED-LENGTH DATA ELEMENTS--GENERAL INFORMATION
fixed length control field 181216s2016||||enk|||||||||||||| ||eng||
020 ## - INTERNATIONAL STANDARD BOOK NUMBER
International Standard Book Number 9781783555130x
040 ## - CATALOGING SOURCE
Transcribing agency GE_BSU
041 ## - LANGUAGE CODE
Language code of text/sound track or separate title eng
080 ## - UNIVERSAL DECIMAL CLASSIFICATION NUMBER
Universal Decimal Classification number 004.3 R-24
100 ## - MAIN ENTRY--PERSONAL NAME
Personal name Raschka, Sebastian
9 (RLIN) 12783
245 ## - TITLE STATEMENT
Title Python Machine Learning :
Remainder of title Unlock deeper insights into machine learning with this vital guide to cutting-edge predictive analytics /
Statement of responsibility, etc. Sebastian Raschka.
264 ## - PRODUCTION, PUBLICATION, DISTRIBUTION, MANUFACTURE, AND COPYRIGHT NOTICE
Place of production, publication, distribution, manufacture Birmingham :
Name of producer, publisher, distributor, manufacturer Packt Publishing,
Date of production, publication, distribution, manufacture, or copyright notice 2016.
300 ## - PHYSICAL DESCRIPTION
Extent 425 p. ;
Dimensions 24 cm.
500 ## - GENERAL NOTE
General note Index p. : 417-425
653 ## - INDEX TERM--UNCONTROLLED
keyword Python Machine Learning
653 ## - INDEX TERM--UNCONTROLLED
keyword Unlock deeper insights into machine learning with this vital guide to cutting-edge predictive analytics
653 ## - INDEX TERM--UNCONTROLLED
keyword Инженерные технологии
653 ## - INDEX TERM--UNCONTROLLED
keyword საინფორმაციო ტექნოლოგიები
942 ## - ADDED ENTRY ELEMENTS (KOHA)
Koha item type წიგნი
Source of classification or shelving scheme
ეგზემპლარები
Withdrawn status Lost status Source of classification or shelving scheme Damaged status Not for loan Permanent Location Current Location Shelving location Date acquired Cost, normal purchase price Full call number Barcode Date last seen Copy number Price effective from Koha item type Public note
          ბათუმის შოთა რუსთაველის სახელმწიფო უნივერსიტეტის მთავარი ბიბლიოთეკა ბათუმის შოთა რუსთაველის სახელმწიფო უნივერსიტეტის მთავარი ბიბლიოთეკა წიგნსაცავი 2018-12-17 141.00 004.3 R-24 55300 2018-12-17 55300 2018-12-17 წიგნი 141.00 GEL.
          ბათუმის შოთა რუსთაველის სახელმწიფო უნივერსიტეტის მთავარი ბიბლიოთეკა ბათუმის შოთა რუსთაველის სახელმწიფო უნივერსიტეტის მთავარი ბიბლიოთეკა წიგნსაცავი 2018-12-17 141.00 004.3 R-24 55301 2018-12-17 55301 2018-12-17 წიგნი 141.00 GEL.